| 000 | 00834nam a22002297a 4500 | ||
|---|---|---|---|
| 005 | 2010020808568.0 | ||
| 008 | 100208t xxu||||| |||| 00| 0 eng d | ||
| 010 | _aENG-95851 | ||
| 020 |
_a9780198062059 _c850.00 |
||
| 020 |
_a0198062052 _c850.00 |
||
| 035 | _aEN-79384 | ||
| 037 | _aDBAD/PUB | ||
| 040 | _aDPL | ||
| 245 |
_aHandbook of Muslims in India: _bEmpirical and Policy Perspectives/ _cEdited by Rakesh Basant, Abusaleh Shariff |
||
| 260 |
_aNew Delhi _bOxford University Press _c2010 |
||
| 270 |
_aYMCA Library Building, Jai Singh Road _bNew Delhi _e110001 |
||
| 300 |
_axx, 308p. _bill _c25 cm.(Hb) |
||
| 700 | _aBasant Rakesh | ||
| 700 | _aAbusaleh Shariff | ||
| 942 |
_2ddc _cEN |
||
| 999 |
_c33718 _d33718 |
||